World Capitals Closest to Anchorage - Statistics

General Stats
  • This quiz has been taken 775 times
    759 since last reset
  • The average score is 14 of 24
Answer Stats
km capital miles % Correct
5568 Tokyo 3460
93%
4926 Ottawa 3061
91%
5414 Washington 3364
91%
6070 Seoul 3772
87%
6392 Beijing 3972
81%
6000 Pyongyang 3728
79%
6083 Mexico City 3780
73%
6450 Oslo 4008
63%
5427 Reykjavik 3373
62%
6576 Stockholm 4086
61%
6520 Helsinki 4052
59%
6588 Havana 4094
57%
6094 Ulaanbaatar 3787
56%
6934 Copenhagen 4309
53%
6885 Dublin 4278
52%
6980 Guatemala City 4337
51%
6664 Nassau 4141
48%
6811 Belmopan 4232
44%
6872 Riga 4270
42%
4521 Nuuk 2809
41%
6599 Tallinn 4100
37%
6996 Astana 4347
31%
6818 Majuro 4237
16%
5968 Tórshavn 3708
13%
No matching quizzes found
Score Distribution
Percent of People with Each Score
Percentile by Number Answered
Your Score History
You have not taken this quiz since the last reset